000 00581nam a2200193Ia 4500
005 20260429111950.0
008 260429s9999||||xx |||||||||||||| ||und||
020 _a9783031394768
041 _aEnglish
082 _a006.31
_bFRI
100 _aFriedland, Gerald
245 0 _aInformation-driven machine learning :
_bdata science as an engineering discipline /
_cGerald Friedland
260 _aSwitzerland :
_bSpringer,
_c2024.
300 _axxii, 267 p.; hb
650 _a Artificial intelligence
650 _a Machine learning
650 _aComputer science
942 _cTB
999 _c51661
_d51661